[Event "II Aberto do Brasil de Maringa id. fide 69253 id. 
[Site "Maringa - Parana - Brasil"]
[Date "2012.08.11"]
[Round "7"]
[Board "20"]
[White "VILLALBA, Marcelo"]
[Black "CABRAL, Denrick"]
[Result "0-1"]
[WhiteElo "2243"]
[BlackElo "1896"]
[PlyCount "166"]
[EventDate "2012.08.08"]
[EventRounds "9"]
[EventCountry "BRA"]

1. e4 c5 2. Nf3 d6 3. d4 cxd4 4. Nxd4 Nf6 5. Nc3 a6 6. Bg5 e5 7. Nde2 Be6 8. f4
Nbd7 9. Qd2 b5 10. a3 Qa5 11. f5 Bc4 12. Bxf6 Nxf6 13. Ng3 Bxf1 14. Rxf1 Be7
15. Rf3 Qb6 16. O-O-O O-O 17. Rd3 b4 18. axb4 Qxb4 19. Nd5 Nxd5 20. Rxd5 Qb7
21. Rf1 Rab8 22. b3 Rfc8 23. Kb2 f6 24. Rf3 Rc5 25. Rfd3 Rbc8 26. Nf1 Rxc2+ 27.
Qxc2 Rxc2+ 28. Kxc2 Qb4 29. Nd2 a5 30. Kd1 g6 31. g4 Kg7 32. Ke2 h5 33. fxg6
hxg4 34. h3 Kxg6 35. hxg4 a4 36. bxa4 Qxa4 37. Rb3 Bf8 38. Rf3 Qa6+ 39. Rfd3
Qa7 40. Nf3 Qa4 41. Ke3 Qa1 42. Rd1 Qc3+ 43. R5d3 Qc5+ 44. Ke2 Bh6 45. Nh4+ Kg5
46. Nf5 Bf8 47. Kf3 Qc2 48. R3d2 Qb3+ 49. Ne3 Kg6 50. Rd3 Qa2 51. Nf5 Qh2 52.
Ng3 Qc2 53. Nh5 Qh2 54. R3d2 Qh3+ 55. Ng3 Kg5 56. Rg1 Qxg4+ 57. Kf2 Qf4+ 58.
Ke2 Kg6 59. Rd3 Kf7 60. Rf1 Qg4+ 61. Rdf3 Bh6 62. Kd3 Bf4 63. Ne2 Bg5 64. Rg3
Qh4 65. Rgf3 Ke6 66. Nc3 Qh2 67. R3f2 Qh3+ 68. Rf3 Qh2 69. R3f2 Qh8 70. Nd5 Qb8
71. Nxf6 Qb3+ 72. Ke2 Qe3+ 73. Kd1 Qd3+ 74. Ke1 Bh4 75. Ng4 Qxe4+ 76. Kd1 Qxg4+
77. Re2 Qa4+ 78. Rc2 Bg5 79. Rff2 e4 80. Rg2 Bf4 81. Rg6+ Kf5 82. Rgg2 d5 83.
Rg8 d4 0-1

[Event "II Aberto do Brasil de Maringa id. fide 69253 id. 
[Site "Maringa - Parana - Brasil"]
[Date "2012.08.11"]
[Round "7"]
[Board "21"]
[White "BOABAID, Jorge Alberto Duardes"]
[Black "CHEMIN, Vitorio"]
[Result "0-1"]
[WhiteElo "1892"]
[BlackElo "2205"]
[PlyCount "88"]
[EventDate "2012.08.08"]
[EventRounds "9"]
[EventCountry "BRA"]

1. e4 d6 2. d4 e5 3. c3 c6 4. Bc4 exd4 5. Qxd4 Nf6 6. Bg5 Be7 7. Nf3 O-O 8. O-O
Nxe4 9. Bxe7 Qxe7 10. Re1 d5 11. Nbd2 f5 12. Bb3 Be6 13. c4 Rd8 14. cxd5 cxd5
15. Nxe4 fxe4 16. Rxe4 Nc6 17. Rxe6 Qxe6 18. Qh4 Qf6 19. Qh5 g6 20. Qh6 Nd4 21.
Ng5 Qg7 22. Qxg7+ Kxg7 23. Rd1 h6 24. Rxd4 hxg5 25. f3 Rac8 26. Kf2 Rc1 27. Ke3
Re1+ 28. Kf2 Rb1 29. Rd2 d4 30. Bc4 a6 31. a4 Rc1 32. Bd3 Ra1 33. Bc2 d3 34.
Bb3 Rd6 35. Bd1 Kf6 36. Ke3 b5 37. axb5 axb5 38. f4 gxf4+ 39. Kxf4 g5+ 40. Ke3
Rb1 41. h3 Ke5 42. Bf3 Rd4 43. Bd1 Re4+ 44. Kf2 Kd4 {Ilegivel. Terminou no
lance 57.} 0-1

[Event "II Aberto do Brasil de Maringa id. fide 69253 id. 
[Site "Maringa - Parana - Brasil"]
[Date "2012.08.11"]
[Round "7"]
[Board "22"]
[White "TASHIMA, Vanessa Kelly"]
[Black "CHEMIN, Justo Reinaldo"]
[Result "1/2-1/2"]
[WhiteElo "1902"]
[BlackElo "2153"]
[PlyCount "48"]
[EventDate "2012.08.08"]
[EventRounds "9"]
[EventCountry "BRA"]

1. e4 e5 2. Nf3 Nc6 3. d4 exd4 4. Nxd4 Bc5 5. Be3 Qf6 6. c3 Nge7 7. g3 Nxd4 8.
cxd4 Bb4+ 9. Nc3 O-O 10. Bg2 d5 11. e5 Qg6 12. O-O c6 13. Ne2 Nf5 14. Bd2 Bxd2
15. Qxd2 f6 16. f4 h5 17. Qd3 Bd7 18. b4 a6 19. h3 fxe5 20. dxe5 Rae8 21. Kh2
Qh6 22. a4 Ne7 23. h4 Nf5 24. Ra3 Qe6 1/2-1/2

[Event "II Aberto do Brasil de Maringa id. fide 69253 id. 
[Site "Maringa - Parana - Brasil"]
[Date "2012.08.11"]
[Round "7"]
[Board "24"]
[White "ZALLIO, Luciano Souza"]
[Black "MARINO, Felipe Gabriel"]
[Result "1-0"]
[WhiteElo "2138"]
[BlackElo "1611"]
[PlyCount "71"]
[EventDate "2012.08.08"]
[EventRounds "9"]
[EventCountry "BRA"]

1. c4 c5 2. Nc3 Nc6 3. g3 g6 4. Bg2 Bg7 5. e3 e5 6. Nge2 Nge7 7. O-O O-O 8. a3
a5 9. Nb5 d6 10. Nec3 f5 11. f4 Be6 12. b3 e4 13. Rb1 Rb8 14. Bb2 d5 15. cxd5
Nxd5 16. Nxd5 Qxd5 17. Bxg7 Kxg7 18. Qc2 Rf7 19. Rfd1 Qd3 20. Qxc5 Bxb3 $11 21.
Rdc1 Rd7 22. Bf1 Qd5 23. Qc3+ Kh6 24. Rxb3 Qxd2 25. Qxd2 Rxd2 26. Nc3 Ne7 27.
Na4 Rbd8 28. Rxb7 Nd5 29. Nc5 Nxe3 30. Ne6 Rd1 31. Rxd1 Rxd1 32. Kf2 Nxf1 33.
Ng5 e3+ 34. Ke2 Rd2+ 35. Kxf1 Kh5 36. Rxh7+ 1-0

[Event "II Aberto do Brasil de Maringa id. fide 69253 id. 
[Site "Maringa - Parana - Brasil"]
[Date "2012.08.11"]
[Round "7"]
[Board "25"]
[White "YANO, William Jorge Froes"]
[Black "THEREZO, Gustavo"]
[Result "1-0"]
[WhiteElo "2124"]
[BlackElo "1826"]
[PlyCount "40"]
[EventDate "2012.08.08"]
[EventRounds "9"]
[EventCountry "BRA"]

1. e4 c5 2. Nc3 Nc6 3. f4 g6 4. Nf3 Bg7 5. Bc4 e6 6. f5 Nge7 7. d3 d5 8. Bb5
O-O 9. Bxc6 Nxc6 10. fxg6 hxg6 11. O-O d4 12. Nb1 e5 13. a3 a6 14. Qe1 Bf6 15.
Bh6 Re8 16. Qg3 Be6 17. Ng5 Bg7 18. Qh4 Bf6 19. Nd2 Qe7 20. Rf2 Bh8 1-0

[Event "II Aberto do Brasil de Maringa id. fide 69253 id. 
[Site "Maringa - Parana - Brasil"]
[Date "2012.08.11"]
[Round "7"]
[Board "27"]
[White "OLIVEIRA, Fernando Ventura"]
[Black "DOTORIVO DE SOUSA, Eduardo"]
[Result "1-0"]
[WhiteElo "2077"]
[BlackElo "1940"]
[PlyCount "141"]
[EventDate "2012.08.08"]
[EventRounds "9"]
[EventCountry "BRA"]

1. e4 d6 2. c4 Nf6 3. Nc3 c5 4. Nge2 e5 5. g3 Bg4 6. Bg2 Nc6 7. h3 Be6 8. d3
Qc8 9. Be3 Be7 10. Rc1 O-O 11. f4 Rb8 12. f5 Bd7 13. g4 Kh8 14. g5 Ng8 15. h4
f6 16. Qd2 Nd4 17. Nd5 Re8 18. Nxe7 Rxe7 19. Nc3 Bc6 20. h5 fxg5 21. Bxg5 Rf7
22. Ne2 h6 23. Nxd4 cxd4 24. Bh4 Nf6 25. Bf3 Qf8 26. b4 b6 27. Bxf6 Rxf6 28. b5
Be8 29. a4 Rf7 30. Ke2 Rc7 31. Qb4 Qf6 32. Rcg1 Rd8 33. Rg2 Rdd7 34. Qe1 Kg8
35. Qh4 Qxh4 36. Rxh4 Kh7 37. Rh1 a6 38. Rgg1 axb5 39. axb5 Ra7 40. Ra1 Kg8 41.
Bg4 Rdc7 42. Rhg1 Kf7 43. Kf3 Kf6 44. Kg3 Kg5 45. Rh1 Kf6 $11 46. Be2 Bf7 47.
Kh4 Be8 48. Rhb1 Bf7 49. Bd1 Rxa1 50. Rxa1 Rb7 51. Ra8 Ke7 52. Bg4 Kf6 53. Bh3
Ke7 54. f6+ Kxf6 55. Bc8 Rc7 56. Rb8 Bxc4 57. dxc4 Rxc4 58. Bg4 d3 59. Rxb6 Ke7
60. Rb7+ Kf6 61. Rd7 Rxe4 62. Rxd6+ Ke7 63. Rxd3 Rb4 64. Rd7+ Kf6 65. Rd6+ Kf7
66. b6 Ke7 67. Rc6 e4 68. Kg3 e3 69. Rc7+ Kd6 70. Rxg7 Rxb6 71. Rg6+ 1-0

[Event "II Aberto do Brasil de Maringa id. fide 69253 id. 
[Site "Maringa - Parana - Brasil"]
[Date "2012.08.11"]
[Round "7"]
[Board "29"]
[White "LUKACHEWSKI JUNIOR, Wanderley"]
[Black "FISCHER JUNIOR, Donaldo"]
[Result "1-0"]
[WhiteElo "2050"]
[BlackElo "1820"]
[PlyCount "113"]
[EventDate "2012.08.08"]
[EventRounds "9"]
[EventCountry "BRA"]

1. e4 e5 2. Nf3 Nc6 3. Bb5 Bc5 4. c3 d6 5. d4 exd4 6. cxd4 Bb4+ 7. Nc3 Bd7 8.
O-O a6 9. Bc4 Nge7 10. Qb3 O-O 11. d5 Bxc3 12. dxc6 Nxc6 13. Qxc3 h6 14. b3 Be6
15. Bb2 Qf6 16. Qxf6 gxf6 17. Bxf6 Bxc4 18. bxc4 Rfe8 19. Rfe1 Na5 20. Rac1 Re6
21. Bc3 Nxc4 22. Nd2 Nxd2 23. Bxd2 c6 24. f3 Kg7 25. Red1 Kf8 26. Bb4 c5 27.
Bc3 b5 28. Rd5 b4 29. Bd2 a5 30. Bf4 Ra6 31. e5 dxe5 32. Bxe5 f6 33. Bf4 Re2
34. Rd2 Rxd2 35. Bxd2 Rc6 36. a3 b3 37. Bxa5 b2 38. Rb1 Ra6 39. Bc3 Rxa3 40.
Bxf6 Kf7 41. Be5 Re3 42. f4 c4 43. Rxb2 Kg6 44. Rc2 Re4 45. Kf2 c3 46. Rxc3 Ra4
47. Kf3 Ra6 48. g4 h5 49. h3 Rb6 50. Rd3 hxg4+ 51. hxg4 Rb1 52. Rd6+ Kh7 53.
Ke4 Re1+ 54. Kf5 Rb1 55. Rd7+ Kg8 56. Kg6 Kf8 57. Bf6 1-0

[Event "II Aberto do Brasil de Maringa id. fide 69253 id. 
[Site "Maringa - Parana - Brasil"]
[Date "2012.08.11"]
[Round "7"]
[Board "30"]
[White "DIBAI, Jerry"]
[Black "REZENDE, Guilherme Vilela"]
[Result "0-1"]
[WhiteElo "1790"]
[BlackElo "2049"]
[PlyCount "112"]
[EventDate "2012.08.08"]
[EventRounds "9"]
[EventCountry "BRA"]

1. Nf3 Nf6 2. g3 d5 3. Bg2 c5 4. O-O Nc6 5. d3 e5 6. Nbd2 g6 7. e4 dxe4 8. dxe4
Bg7 9. Re1 O-O 10. c3 Bg4 11. h3 Be6 12. Qe2 h6 13. Nc4 Qc7 14. a4 Nd7 15. Be3
Nd4 16. cxd4 cxd4 17. Rec1 dxe3 18. Nxe3 Qa5 19. Qd2 Qxd2 20. Nxd2 Rfc8 21.
Ndc4 Bf8 22. Bf1 f6 23. Rab1 Nc5 24. b3 Nxe4 25. Bg2 f5 26. Nxe5 Kg7 27. N5c4
Bb4 28. Bxe4 fxe4 29. Kg2 Rd8 30. Rd1 Rd3 31. Ne5 Rad8 32. Nxd3 exd3 33. g4 a5
34. Nf1 Kf6 35. f4 Rd4 36. Ne3 Bd6 37. f5 Bd7 38. Rbc1 Bc6+ 39. Rxc6 bxc6 40.
Nc4 gxf5 41. gxf5 Bb4 42. Kf3 d2 43. Ke3 Rh4 44. Nxd2 Bxd2+ 45. Rxd2 Rxh3+ 46.
Kd4 Rh4+ 47. Kd3 Kxf5 48. Re2 h5 49. Re8 Rb4 50. Kc3 h4 51. Rc8 h3 52. Rxc6 Rh4
53. Rc5+ Ke6 54. Rxa5 h2 55. Ra6+ Kd7 56. b4 h1=Q 0-1

[Event "II Aberto do Brasil de Maringa id. fide 69253 id. 
[Site "Maringa - Parana - Brasil"]
[Date "2012.08.11"]
[Round "7"]
[Board "31"]
[White "OKAWATI, Gabriel Akira Andrade"]
[Black "MOREIRA, Ronaldo Alonso"]
[Result "0-1"]
[WhiteElo "1782"]
[BlackElo "2022"]
[PlyCount "114"]
[EventDate "2012.08.08"]
[EventRounds "9"]
[EventCountry "BRA"]

1. e4 d6 2. d4 e5 3. Nf3 Nd7 4. dxe5 dxe5 5. Bc4 c6 6. Nc3 Be7 7. O-O Ngf6 8.
Bg5 b5 9. Bd3 a6 10. Nd2 O-O 11. Kh1 Nc5 12. Nb3 Ne6 13. Bh4 Qc7 14. Qf3 Rd8
15. Nd1 c5 16. Bxf6 Bxf6 17. c4 b4 18. Bc2 Bb7 19. Ne3 Nd4 20. Nxd4 cxd4 21.
Ng4 Be7 22. b3 $11 h5 23. Nh6+ gxh6 24. Qxh5 Bf8 25. Rad1 Bg7 26. Qg4 Qd6 27.
Bd3 Qg6 28. Qe2 Bc8 29. h3 Qg5 30. Bc2 h5 31. Rd3 h4 32. Bd1 Rd6 33. Qe1 Rg6
34. Bf3 a5 35. Qd1 Bh6 36. Rg1 Qe7 37. Qe2 Be6 38. Rgd1 Qd7 39. Qf1 Kh8 40. Qg1
Bf4 41. Qf1 a4 42. Rb1 Qd6 43. Bd1 Qc5 44. Qe2 axb3 45. axb3 Qa7 46. Bc2 Rag8
47. Rg1 Qd7 48. Qf3 Qe7 49. Rdd1 Ra8 50. Ra1 Qb7 51. Qe2 Ra7 52. Rgd1 Kg7 53.
Rg1 Qa8 54. Rad1 Ra2 55. Qd3 Qa3 56. Rge1 Qb2 57. Bb1 Qxf2 0-1

[Event "II Aberto do Brasil de Maringa id. fide 69253 id. 
[Site "Maringa - Parana - Brasil"]
[Date "2012.08.11"]
[Round "7"]
[Board "32"]
[White "DE OLIVEIRA, Francemir Barra"]
[Black "CEZAR JUNIOR, William Carlos"]
[Result "0-1"]
[WhiteElo "1739"]
[BlackElo "1973"]
[PlyCount "31"]
[EventDate "2012.08.08"]
[EventRounds "9"]
[EventCountry "BRA"]

1. e4 c5 2. Nf3 Nc6 3. d4 cxd4 4. Nxd4 Nf6 5. Nc3 e5 6. Nf5 d5 7. Ng3 d4 8. Nb1
Be7 9. a3 O-O 10. Bd3 Bg4 11. f3 Be6 12. O-O Nd7 13. b4 Rc8 14. f4 exf4 15.
Bxf4 Nce5 16. Be2 {Ilegivel. Concluido no lance 66.} 0-1

[Event "II Aberto do Brasil de Maringa id. fide 69253 id. 
[Site "Maringa - Parana - Brasil"]
[Date "2012.08.11"]
[Round "7"]
[Board "33"]
[White "DESTE, Dayan Kuhn"]
[Black "BRITO, Luismar"]
[Result "0-1"]
[WhiteElo "1945"]
[BlackElo "2275"]
[PlyCount "70"]
[EventDate "2012.08.08"]
[EventRounds "9"]
[EventCountry "BRA"]

1. e4 c5 2. Nf3 d6 3. d4 cxd4 4. Nxd4 Nf6 5. Nc3 a6 6. Bg5 e6 7. f4 h6 8. Bh4
Qb6 9. Qd2 Qxb2 10. Nb3 Qa3 11. Be2 Be7 12. O-O Nc6 13. Rad1 Qb4 14. f5 O-O 15.
Rf4 Qb6+ 16. Kh1 Bd7 17. Bf2 Qc7 18. Bg1 Ne5 19. Bd3 b5 20. Ne2 Nc4 21. Qe1 e5
22. Rf3 Bc6 23. Ng3 Bb7 24. Bxc4 bxc4 25. Nd2 d5 26. exd5 Bxd5 27. Nde4 Qc6 28.
Re3 Rfd8 29. Rb1 Rab8 30. Rxb8 Rxb8 31. Re2 Rb2 32. Nc3 Bb4 33. Nxd5 Qxd5 34.
Qf2 Rb1 35. Qe3 Bc5 0-1

[Event "II Aberto do Brasil de Maringa id. fide 69253 id. 
[Site "Maringa - Parana - Brasil"]
[Date "2012.08.11"]
[Round "7"]
[Board "36"]
[White "SAKADA, Marcos Vinicius Contrer"]
[Black "SZTOKBANT, Bernardo Vainzoff"]
[Result "0-1"]
[WhiteElo "1712"]
[BlackElo "2065"]
[PlyCount "80"]
[EventDate "2012.08.08"]
[EventRounds "9"]
[EventCountry "BRA"]

1. e4 c5 2. Nc3 g6 3. f4 d6 4. Nf3 Bg7 5. Bc4 e6 6. d4 cxd4 7. Nxd4 a6 8. Be3
Nc6 9. O-O Nf6 10. e5 dxe5 11. Nxc6 bxc6 12. Qxd8+ Kxd8 13. fxe5 Ng4 14. Rxf7
Nxe3 15. Rxg7 Nxc4 16. Rd1+ Ke8 17. Ne4 Nxe5 18. Nf6+ Kf8 19. Rc7 Nf7 20. Rf1
e5 21. Ne4 Bf5 22. g4 Nh6 23. gxf5 gxf5 24. Nc5 Re8 25. Rd1 Rg8+ 26. Kf1 Rg6
27. Rxh7 Nf7 28. Rd7 Re7 29. h4 Ke8 30. Rxe7+ Kxe7 31. Nxa6 Rd6 32. Nb4 e4 33.
c3 c5 34. Nc2 f4 35. Ke2 e3 36. Nxe3 Re6 37. Rh5 Rxe3+ 38. Kd2 Ne5 39. Rg5 Nd3
40. Kd1 f3 0-1

[Event "II Aberto do Brasil de Maringa id. fide 69253 id. 
[Site "Maringa - Parana - Brasil"]
[Date "2012.08.11"]
[Round "7"]
[Board "37"]
[White "RIBEIRO, Sheridan Luiz Telles"]
[Black "DE SOUZA ASSIS, Rafael"]
[Result "0-1"]
[WhiteElo "2064"]
[BlackElo "1850"]
[PlyCount "154"]
[EventDate "2012.08.08"]
[EventRounds "9"]
[EventCountry "BRA"]

1. c4 Nf6 2. g3 g6 3. Bg2 Bg7 4. Nc3 c5 5. e3 O-O 6. Nge2 Nc6 7. O-O d6 8. a3
Be6 9. d3 Rc8 10. Nf4 Bd7 11. Rb1 b6 12. Qe2 Re8 13. b4 h5 14. Ncd5 Bg4 15. f3
Bd7 16. b5 Na5 17. Bd2 Nb7 18. Nxf6+ Bxf6 19. Nd5 Bg7 20. f4 e6 21. Nc3 Qc7 22.
Qf3 Rb8 23. e4 Qd8 24. e5 Qe7 25. Rbe1 Red8 26. h4 Be8 27. f5 exf5 28. Bg5 Qd7
29. exd6 Bxc3 30. Re7 Qxd6 31. Rxb7 Rxb7 32. Qxb7 Bf6 33. Bf4 Qe7 34. Qxe7 Bxe7
35. Re1 Bf6 36. Bb7 Kf8 37. Bh6+ Kg8 38. a4 Bd7 39. Bd5 Kh7 40. Bd2 Kg7 41. a5
Bxb5 42. axb6 axb6 43. Rb1 Ba4 44. Rxb6 Rd7 45. Kf2 Bc2 46. Be3 Bxd3 47. Bxc5
Rc7 48. Rb7 Rxb7 49. Bxb7 Bxc4 50. Be3 Bd3 51. Bd5 Be4 52. Bc4 Be5 53. Bb3 Bc6
54. Bc4 Bd7 55. Ba6 Be6 56. Bb5 Bd5 57. Bd7 f6 58. Be8 Bd6 59. Bd4 f4 60. gxf4
Bxf4 61. Bc3 Be4 62. Bb4 Bf5 63. Kf3 Be5 64. Be7 Bg4+ 65. Kf2 Bf4 66. Kg2 g5
67. hxg5 fxg5 68. Kf2 h4 69. Bc6 Kf7 70. Bc5 Be6 71. Be3 Bxe3+ 72. Kxe3 Kf6 73.
Kf3 Ke5 74. Bb5 g4+ 75. Kf2 Kf4 76. Kg1 Bd5 77. Bd7 Kg3 0-1

[Event "II Aberto do Brasil de Maringa id. fide 69253 id. 
[Site "Maringa - Parana - Brasil"]
[Date "2012.08.11"]
[Round "7"]
[Board "38"]
[White "TACCONI DA SILVA, Lucas"]
[Black "GARKAUSKAS, Otto Dmitry"]
[Result "1/2-1/2"]
[WhiteElo "1850"]
[BlackElo "2060"]
[PlyCount "47"]
[EventDate "2012.08.08"]
[EventRounds "9"]
[EventCountry "BRA"]

1. c4 c6 2. Nc3 d5 3. cxd5 cxd5 4. d4 Nf6 5. Nf3 Nc6 6. Bf4 Bf5 7. e3 e6 8. a3
Bd6 9. Bg5 O-O 10. Bd3 Bxd3 11. Qxd3 Rc8 12. O-O Na5 13. Nd2 Bxh2+ 14. Kxh2
Ng4+ 15. Kg3 Qxg5 16. f4 Ne5+ 17. fxg5 Nxd3 18. Rab1 Nxb2 19. Nxd5 exd5 20.
Rxb2 Rc3 21. Rb5 Nc4 22. Nxc4 dxc4 23. Rxb7 Rxa3 24. Rf3 {Ilegivel. Concluido
no lance 27.} 1/2-1/2

[Event "II Aberto do Brasil de Maringa id. fide 69253 id. 
[Site "Maringa - Parana - Brasil"]
[Date "2012.08.11"]
[Round "7"]
[Board "39"]
[White "BRANDAO, Renan Alves"]
[Black "BARBOSA, Jefferson Lucas Munhoz"]
[Result "1-0"]
[WhiteElo "2048"]
[BlackElo "1829"]
[PlyCount "97"]
[EventDate "2012.08.08"]
[EventRounds "9"]
[EventCountry "BRA"]

1. d4 Nf6 2. Nf3 d5 3. c4 c6 4. Nc3 e6 5. Qd3 Na6 6. a3 Be7 7. g3 O-O 8. b4 Bd7
9. Bg2 Nc7 10. c5 a5 11. Rb1 Nb5 12. Nxb5 cxb5 13. O-O axb4 14. axb4 Qc8 15.
Bg5 Ra4 16. Ne5 Bc6 17. Rfc1 h6 18. Bd2 Nd7 19. Nf3 Re8 20. Ra1 Rxa1 21. Rxa1
f6 22. Bh3 Nf8 23. Ra3 Bd8 24. Qc2 Bc7 25. Nh4 Qd7 26. Bg4 Qf7 27. f4 g5 28.
fxg5 fxg5 29. Nf3 Qg7 30. Re3 Re7 31. Bc3 Be8 32. Ne5 Nh7 33. Qa2 Nf6 34. Bf3
Qh7 35. Ng4 Nd7 36. Rxe6 Rxe6 37. Bxd5 Qg6 38. Bxe6+ Kh7 39. d5 Bd8 40. Ne3 Qh5
41. d6 Nf6 42. Bf5+ Kg7 43. Ng4 Bc6 44. Nxf6 Bxf6 45. Bxf6+ Kxf6 46. Qe6+ Kg7
47. Qe7+ Kg8 48. Be6+ Kh8 49. Qf6+ 1-0

[Event "II Aberto do Brasil de Maringa id. fide 69253 id. 
[Site "Maringa - Parana - Brasil"]
[Date "2012.08.11"]
[Round "7"]
[Board "40"]
[White "MENDONCA CAMPELO, Higor Carlos"]
[Black "ICHIMURA G  BARBOSA, Larissa Yuki"]
[Result "1-0"]
[WhiteElo "2041"]
[BlackElo "1709"]
[PlyCount "111"]
[EventDate "2012.08.08"]
[EventRounds "9"]
[EventCountry "BRA"]

1. e4 e6 2. d3 c5 3. Nf3 Nc6 4. g3 g6 5. Bg2 Bg7 6. O-O Nge7 7. Nbd2 O-O 8. Re1
d6 9. c3 e5 10. Nc4 b5 11. Ne3 h6 12. a4 b4 13. h4 a5 14. h5 Be6 15. Nc4 Bg4
16. hxg6 fxg6 17. Ne3 Be6 18. Nh4 Qd7 19. Nd5 Rab8 20. Bd2 Kh7 21. f4 Bg4 22.
Qc1 exf4 23. gxf4 Nxd5 24. exd5 Ne7 25. Be4 Nf5 26. Nxf5 Bxf5 27. Qd1 Rbe8 28.
Qf3 Bg4 29. Qg3 Bh5 30. Kh2 Qg4 31. Rg1 Qxg3+ 32. Rxg3 Bf6 33. Rag1 Rg8 34. Rh3
Be2 35. Rhg3 Rxe4 36. dxe4 Bc4 37. cxb4 axb4 38. b3 Ba6 39. Kg2 Bd4 40. Re1 Bb7
41. Rd3 Re8 42. Bxb4 Kg7 43. Bc3 Bxc3 44. Rxc3 Bxd5 45. Kf3 Ba8 46. Rc4 d5 47.
Rxc5 dxe4+ 48. Ke3 Rd8 49. Rc3 Rf8 50. b4 g5 51. fxg5 hxg5 52. b5 Rb8 53. Rb1
Kg6 54. a5 Bb7 55. a6 Bxa6 56. Rc6+ 1-0

[Event "II Aberto do Brasil de Maringa id. fide 69253 id. 
[Site "Maringa - Parana - Brasil"]
[Date "2012.08.12"]
[Round "8"]
[Board "3"]
[White "MATSUURA, Everaldo"]
[Black "QUINTILIANO PINTO, Renato R"]
[Result "1-0"]
[WhiteElo "2487"]
[BlackElo "2238"]
[PlyCount "67"]
[EventDate "2012.08.08"]
[EventRounds "9"]
[EventCountry "BRA"]

1. e3 d5 2. Nf3 e6 3. b3 Nf6 4. Bb2 c5 5. c4 Nc6 6. cxd5 exd5 7. Bb5 Bd7 8. O-O
Bd6 9. Bxf6 Qxf6 10. Nc3 Be6 11. e4 d4 12. e5 Bxe5 13. Ne4 Qf5 14. Nxe5 Qxe5
15. Re1 O-O 16. Bxc6 bxc6 17. d3 Bd5 18. Qd2 Qf5 19. Rac1 Rfe8 20. f3 Qg6 21.
Qf4 Qe6 22. Kf2 Bxe4 23. Rxe4 Qd5 24. Rce1 Rxe4 25. Rxe4 g6 26. Qf6 a5 27. Re5
Qd7 28. Rxc5 a4 29. b4 Re8 30. Rxc6 Qd5 31. Rc4 Rd8 32. b5 Re8 33. b6 Qb5 34.
Rc7 1-0

[Event "II Aberto do Brasil de Maringa id. fide 69253 id. 
[Site "Maringa - Parana - Brasil"]
[Date "2012.08.12"]
[Round "8"]
[Board "4"]
[White "NAME, Gabriel Ricardo Salim"]
[Black "STAMENKOVIC, Dragan"]
[Result "1/2-1/2"]
[WhiteElo "2160"]
[BlackElo "2383"]
[PlyCount "105"]
[EventDate "2012.08.08"]
[EventRounds "9"]
[EventCountry "BRA"]

1. d4 Nf6 2. c4 e6 3. Nc3 d5 4. cxd5 exd5 5. Bf4 c6 6. e3 Bf5 7. a3 Nbd7 8. h3
Be7 9. Nf3 O-O 10. Bd3 Bxd3 11. Qxd3 a5 12. Qc2 Ra6 13. O-O Qa8 14. Ne5 Re8 15.
Rfd1 Bf8 16. Na4 b5 17. Nc3 a4 18. e4 Nb6 19. exd5 Nbxd5 20. Nxd5 Nxd5 21. Bh2
Bd6 22. Nd3 Bxh2+ 23. Kxh2 Qa7 24. Re1 Rd8 25. Qc5 $11 Qxc5 26. dxc5 Raa8 27.
Rad1 Kf8 28. Kg3 Rac8 29. Ne5 Ne7 30. Kf3 f6 31. Nd3 Nd5 32. Kg3 Kf7 33. f4 Re8
34. Kf3 Rcd8 35. Nf2 Rxe1 36. Rxe1 Nc7 37. Ne4 Rd3+ 38. Re3 Rxe3+ 39. Kxe3 Nd5+
40. Kf3 f5 41. Ng5+ Ke7 42. Nxh7 b4 43. Ng5 Nc3 44. axb4 Nd1 45. Ke2 Nxb2 46.
Nf3 Ke6 47. Kd2 Kd5 48. Kc3 Nd1+ 49. Kd3 Nb2+ 50. Kc2 Nc4 51. Kd3 $11 Nb2+ 52.
Kc2 Nc4 53. Kd3 1/2-1/2

[Event "II Aberto do Brasil de Maringa id. fide 69253 id. 
[Site "Maringa - Parana - Brasil"]
[Date "2012.08.12"]
[Round "8"]
[Board "6"]
[White "BUENO, Alfeu Junior Varela"]
[Black "UMETSUBO, Cesar Hidemitsu"]
[Result "0-1"]
[WhiteElo "2288"]
[BlackElo "2236"]
[PlyCount "54"]
[EventDate "2012.08.08"]
[EventRounds "9"]
[EventCountry "BRA"]

1. e4 e5 2. Nc3 Nf6 3. f4 d5 4. fxe5 Nxe4 5. Qf3 Nxc3 6. dxc3 Qh4+ 7. g3 Qe4+
8. Qxe4 dxe4 9. Bg2 Bf5 10. Ne2 Nc6 11. Nd4 Nxd4 12. cxd4 f6 13. exf6 gxf6 14.
O-O Bg6 15. Rxf6 Bg7 16. Re6+ Kf7 17. Bh3 Bxd4+ 18. Kg2 Rhe8 19. Rxe8 Rxe8 20.
c3 Bb6 21. Bg5 e3 22. Rf1+ Kg8 23. Bg4 e2 24. Re1 Bd3 25. Bf3 c6 26. Bf6 Be3
27. Bh5 Bd2 0-1

[Event "II Aberto do Brasil de Maringa id. fide 69253 id. 
[Site "Maringa - Parana - Brasil"]
[Date "2012.08.12"]
[Round "8"]
[Board "7"]
[White "UTIYAMA, Marcel Heimar Ribeiro"]
[Black "DELGADO, Lidio Dias"]
[Result "0-1"]
[WhiteElo "2126"]
[BlackElo "2285"]
[PlyCount "74"]
[EventDate "2012.08.08"]
[EventRounds "9"]
[EventCountry "BRA"]

1. e4 c5 2. Nf3 e6 3. d4 cxd4 4. Nxd4 a6 5. c4 Nf6 6. Nc3 Bb4 7. Bd3 Qc7 8. O-O
O-O 9. Bd2 Be7 10. Rc1 d6 11. Be3 Nbd7 12. f4 Re8 13. Qf3 Bf8 14. g4 g6 15. g5
Nh5 16. Nde2 Bg7 17. Ng3 Nxg3 18. hxg3 b6 19. g4 Bb7 20. Rf2 f5 21. gxf6 Nxf6
22. g5 Nd7 23. Rh2 Re7 24. Qh3 Bxc3 25. Rxc3 Nc5 26. Bxc5 Qxc5+ 27. Rf2 Rf8 28.
Kf1 Qd4 29. Ke2 Bxe4 30. Qe3 Bxd3+ 31. Qxd3 Qc5 32. Qe3 Rf5 33. Qxc5 Rxc5 34.
Kd3 Rf7 35. Rb3 b5 36. cxb5 axb5 37. Rc3 e5 {Ilegivel Concluida apÃ³s lance 60.}
0-1

[Event "II Aberto do Brasil de Maringa id. fide 69253 id. 
[Site "Maringa - Parana - Brasil"]
[Date "2012.08.12"]
[Round "8"]
[Board "9"]
[White "CARNEIRO, Vitor Roberto Castro"]
[Black "ABDALLA, Luiz Guilherme Aurelli"]
[Result "1/2-1/2"]
[WhiteElo "2002"]
[BlackElo "2338"]
[PlyCount "130"]
[EventDate "2012.08.08"]
[EventRounds "9"]
[EventCountry "BRA"]

1. c4 c5 2. Nc3 Nc6 3. Nf3 e5 4. g3 g6 5. a3 Bg7 6. Rb1 a5 7. d3 d6 8. Nd5 Nge7
9. Bg5 h6 10. Bf6 Bxf6 11. Nxf6+ Kf8 12. Bg2 Kg7 13. Nd5 Nxd5 14. cxd5 Ne7 15.
Nd2 a4 16. O-O h5 17. e4 h4 18. f4 f6 19. fxe5 dxe5 20. Qf3 Ng8 21. gxh4 b6 22.
Qg3 Ra7 23. Rf2 Rh6 24. Rbf1 Kh8 25. Nc4 Rg7 26. Rxf6 Nxf6 27. Qg5 Rh5 28. Qxf6
Qxf6 29. Rxf6 b5 30. Nb6 Rg8 31. Rc6 Bg4 32. h3 Be2 33. d6 Rh7 34. d7 Rd8 35.
Rxc5 Bxd3 36. Rxe5 Kg7 37. Re7+ Kh6 38. Re5 Rf7 39. Rd5 Bc4 40. Rd6 Re7 41. Rc6
Be6 42. Rc5 Bxd7 43. Rd5 Kg7 44. Bf1 Kf6 45. Bxb5 Bxb5 46. Rxd8 Rxe4 47. Nd5+
Kg7 48. Nc3 Re5 49. Rd5 Rxd5 50. Nxd5 Bd7 51. Kh2 Kf7 52. Kg3 Ke6 53. Nb6 Bb5
54. h5 gxh5 55. Kh4 Be8 56. Nxa4 Bxa4 57. Kxh5 Kf5 58. Kh4 Kf4 59. Kh5 Kf5 60.
Kh6 Kf6 61. h4 Bb3 62. h5 Ba4 63. b4 Bb5 64. Kh7 Kf7 65. h6 Ba4 1/2-1/2

[Event "II Aberto do Brasil de Maringa id. fide 69253 id. 
[Site "Maringa - Parana - Brasil"]
[Date "2012.08.12"]
[Round "8"]
[Board "10"]
[White "CAMARGO, Mateus De"]
[Black "MARECO, Sandro"]
[Result "0-1"]
[WhiteElo "2109"]
[BlackElo "2589"]
[PlyCount "36"]
[EventDate "2012.08.08"]
[EventRounds "9"]
[EventCountry "BRA"]

1. e4 c5 2. Nf3 d6 3. d4 cxd4 4. Nxd4 Nf6 5. Nc3 a6 6. Bg5 Nbd7 7. Qd2 b5 8.
Bd3 Bb7 9. a3 e6 10. O-O Be7 11. Rfe1 O-O 12. Rad1 Rc8 13. Nf3 Qc7 14. Bf1 Rfd8
15. Qe3 h6 16. Bf4 Nh5 17. Rd2 Ne5 18. Red1 Ng4 0-1